<?xml version="1.0" encoding="UTF-8"?>
<record
    xmlns:xsi="http://www.w3.org/2001/XMLSchema-instance"
    xsi:schemaLocation="http://www.loc.gov/MARC21/slim http://www.loc.gov/standards/marcxml/schema/MARC21slim.xsd"
    xmlns="http://www.loc.gov/MARC21/slim">

  <leader>00744nam a2200205Ia 4500</leader>
  <controlfield tag="003">IN-BaIIA</controlfield>
  <controlfield tag="008">211028s9999    xx            000 0 eng d</controlfield>
  <datafield tag="020" ind1=" " ind2=" ">
    <subfield code="a">978-37650-0334-9</subfield>
  </datafield>
  <datafield tag="040" ind1=" " ind2=" ">
    <subfield code="c">IIA Library</subfield>
  </datafield>
  <datafield tag="080" ind1=" " ind2=" ">
    <subfield code="a">083.8:523.8</subfield>
    <subfield code="b">APP-11</subfield>
  </datafield>
  <datafield tag="245" ind1=" " ind2="0">
    <subfield code="a">Apparent places of fundamental stars 2011</subfield>
    <subfield code="b">for 64 stars selected from the sixth catalogue of fundamental stars</subfield>
    <subfield code="c">edited by H. Lenhardt, E.K. Grebel, J. Wambsganss.</subfield>
  </datafield>
  <datafield tag="260" ind1=" " ind2=" ">
    <subfield code="a">Heidelberg</subfield>
    <subfield code="b">Astronomisches Rechen-Institut</subfield>
    <subfield code="c">2010</subfield>
  </datafield>
  <datafield tag="300" ind1=" " ind2=" ">
    <subfield code="a">39p.</subfield>
  </datafield>
  <datafield tag="650" ind1=" " ind2=" ">
    <subfield code="a">APFS(Apparent Places of Fundamental Stars)</subfield>
    <subfield code="9">34265</subfield>
  </datafield>
  <datafield tag="650" ind1=" " ind2=" ">
    <subfield code="a">Catalogue of Stars</subfield>
    <subfield code="9">31781</subfield>
  </datafield>
  <datafield tag="700" ind1=" " ind2=" ">
    <subfield code="a">Grebel, E. K., ed.</subfield>
    <subfield code="9">27462</subfield>
  </datafield>
  <datafield tag="700" ind1=" " ind2=" ">
    <subfield code="a">Lenhardt, H., ed.</subfield>
    <subfield code="9">31782</subfield>
  </datafield>
  <datafield tag="700" ind1=" " ind2=" ">
    <subfield code="a">Wambsganss, J., ed.</subfield>
    <subfield code="9">31783</subfield>
  </datafield>
  <datafield tag="942" ind1=" " ind2=" ">
    <subfield code="c">BK</subfield>
  </datafield>
  <datafield tag="999" ind1=" " ind2=" ">
    <subfield code="c">17992</subfield>
    <subfield code="d">17992</subfield>
  </datafield>
  <datafield tag="952" ind1=" " ind2=" ">
    <subfield code="0">0</subfield>
    <subfield code="1">0</subfield>
    <subfield code="4">0</subfield>
    <subfield code="7">0</subfield>
    <subfield code="a">BAN</subfield>
    <subfield code="b">BAN</subfield>
    <subfield code="c">GEN</subfield>
    <subfield code="d">2011-02-23</subfield>
    <subfield code="e">FLI   </subfield>
    <subfield code="g">6386.00</subfield>
    <subfield code="l">0</subfield>
    <subfield code="o">083.8:523.8/ APP-11</subfield>
    <subfield code="p">18914</subfield>
    <subfield code="r">2021-11-05</subfield>
    <subfield code="v">6386.00</subfield>
    <subfield code="w">2011-02-23</subfield>
    <subfield code="y">BK</subfield>
    <subfield code="G">Rs. 6386.00  </subfield>
  </datafield>
</record>
